| 000 | 00344nam a2200145Ia 4500 | ||
|---|---|---|---|
| 005 | 20251222153624.0 | ||
| 008 | 251222s9999||||xx |||||||||||||| ||spa|| | ||
| 020 | _a9.7884984118e+012 | ||
| 082 | _a853.92/A32 | ||
| 100 | _aAgus, Milena | ||
| 245 | 0 | _aMal de Piedras | |
| 250 | _a1a. ed. | ||
| 264 | _bEdiciones Siruela , S.A. | ||
| 942 | _cLIB | ||
| 999 |
_c32093 _d32093 |
||